| 000 | 01100nam a22003257a 4500 | ||
|---|---|---|---|
| 003 | CHAP | ||
| 005 | 20220329134919.0 | ||
| 008 | 971013s1958 r 00010 d | ||
| 010 | _a27970 | ||
| 011 | _a28942 | ||
| 035 | _a33053 | ||
| 040 | _cCHAP | ||
| 082 |
_a330.182 _bK54 |
||
| 100 | 0 | 0 |
_aKlein, Lawrence Robert. _963436 |
| 245 | _aManual de econometría | ||
| 260 |
_aMadrid : _bAguilar, _c1958 |
||
| 300 | _a439 p. | ||
| 590 |
_aBATCH-UPD _b10 _c20130110 _lUCH01 _h0039 |
||
| 590 |
_aBATCH-UPD _b10 _c20130110 _lUCH01 _h1827 |
||
| 590 |
_aBATCH-UPD _b10 _c20130410 _lUCH01 _h1200 |
||
| 590 |
_aBATCH-UPD _b10 _c20130914 _lUCH01 _h1234 |
||
| 590 |
_aCONVERSION _b10 _c20130109 _lUCH01 _h1316 |
||
| 650 | 1 | 4 |
_aEconomía matemática. _935276 |
| 901 | _aBK | ||
| 942 | _cLIBRO | ||
| 949 |
_a330.182 K54 _bBC _cLIBRO _d33724000322319 _eLIBRO _h2318 _i33053 _si |
||
| 949 |
_a330.182 K54 _bBC _cLIBRO _d33724000322368 _eLIBRO _fc.2 _h2301 _i33053 _si |
||
| 949 |
_a330.182 K54 _bBC _cLIBRO _d33724000322376 _eLIBRO _fc.3 _h2320 _i33053 _si |
||
| 949 |
_a330.182 K54 _bBC _cLIBRO _d33724002204835 _eLIBRO _fc.4 _h2321 _i33053 _si |
||
| 999 |
_c27970 _d27970 |
||